000 00499nam a2200181Ia 4500
001 16303
005 20260306170259.0
008 260306t2019||||xx |||||||||||||| ||und||
041 _aESP
082 _a347.7
_bG23
100 _aGarcía Long, Sergío
_eAUT
245 0 _aDerecho contractual financiero:
_bestudios en homenaje a la facultad de derecho PUCP en su centenario
260 _c2019
300 _a344 páginas :
_c24 cm.
650 _aGEN
654 _aCAN
942 _cLIB
_dJUS
_fJUS
_2ddc
_n
999 _c16303
_d16303